[Event "37th Reykjavik op"]
[Site "Reykjavik ISL"]
[Date "2024.03.15"]
[Round "1.1"]
[White "Gramb, Marius"]
[Black "Deac, Bogdan-Daniel"]
[WhiteElo "2142"]
[BlackElo "2690"]
[Result "0-1"]
[EventDate "2024.03.15"]
[PlyCount "80"]

1. e4 {[%eval 13,0]} c5 {[%eval 33,0]} 2. c3 {[%eval 4,0]} d5 {[%eval 23,0]} 3.
exd5 {[%eval 17,0]} Qxd5 {[%eval 18,0]} 4. d4 {[%eval 11,0]} Nf6 {[%eval 12,0]}
5. Nf3 {[%eval 0,0]} e6 {[%eval 25,0]} 6. Na3 {[%eval 13,0]} Qd8 {[%eval 24,0]}
7. Nc4 {[%eval 35,0]} Be7 {[%eval 49,0]} 8. Nce5 {[%eval 14,0]} O-O {[%eval 11,
0]} 9. Be2 {[%eval 0,0]} cxd4 {[%eval 3,0]} 10. Qxd4 {[%eval 4,0]} Qxd4 {
[%eval 3,0]} 11. Nxd4 {[%eval 1,0]} Nd5 {[%eval 14,0]} 12. O-O {[%eval 14,0]}
f6 {[%eval 48,0]} 13. Nef3 {[%eval 2,0]} Rd8 {[%eval 3,0]} 14. c4 {[%eval 3,0]}
Nc7 {[%eval 6,0]} 15. Be3 {[%eval 1,0]} e5 {[%eval 5,0]} 16. Nc2 {[%eval 53,0]}
Bf5 {[%eval 55,0]} 17. Rac1 {[%eval 59,0]} Nba6 {[%eval 44,0]} 18. a3 {[%eval
42,0]} Nc5 {[%eval 35,0]} 19. Bxc5 {[%eval 33,0]} Bxc5 {[%eval 42,0]} 20. b4 {
[%eval 41,0]} Be7 {[%eval 44,0]} 21. Rfd1 {[%eval 42,0]} Rxd1+ {[%eval 5,0]}
22. Bxd1 {[%eval 46,0]} a5 {[%eval 24,0]} 23. Ne3 {[%eval 28,0]} Be6 {[%eval
25,0]} 24. Rb1 {[%eval 25,0]} axb4 {[%eval 27,0]} 25. axb4 {[%eval 29,0]} b6 {
[%eval 31,0]} 26. Bc2 {[%eval 27,0]} g6 {[%eval 2,0]} 27. g4 {[%eval 25,0]} Kg7
{[%eval 25,0]} 28. g5 {[%eval 52,0]} f5 {[%eval 45,0]} 29. Nxe5 {[%eval 46,0]}
Bxg5 {[%eval 39,0]} 30. c5 {[%eval 56,0]} bxc5 {[%eval 5,0]} 31. bxc5 {[%eval
58,0]} Ra5 {[%eval 36,0]} 32. Nd3 {[%eval 41,0]} Nb5 {[%eval 6,0]} 33. f4 $6 {
[%eval 65,0] Inaccuracy. Rb4 was best.} (33. Rb4 Bxe3 34. fxe3 Bd5 35. Ra4 Rxa4
36. Bxa4 Nc7 37. Nb4 Kf6 38. h4 Be4 39. Bb3 Ne6) 33... Bf6 {[%eval 84,0]} 34.
Ne5 $4 {[%eval -299,0] Blunder. Rb4 was best.} (34. Rb4) 34... Bxe5 {[%eval
-104,0]} 35. fxe5 {[%eval -300,0]} Nd4 {[%eval -106,0]} 36. Rb7+ {[%eval -191,
0]} Kh6 {[%eval -108,0]} 37. c6 $6 {[%eval -202,0] Inaccuracy. Bd1 was best.} (
37. Bd1 Rxc5 38. Kf2 Rxe5 39. Rb4 Nb5 40. Bf3 Nc3 41. Rd4 Kg7 42. h4 Kf6 43.
Ng2 h6) 37... Rxe5 {[%eval -209,0]} 38. Kf2 $6 {[%eval -306,0] Inaccuracy. Rb4
was best.} (38. Rb4 Nxc6 39. Rb6 Rxe3 40. Rxc6 Bd5 41. Rd6 Be4 42. Kf2 Rf3+ 43.
Ke2 Rh3 44. Bxe4 fxe4) 38... f4 {[%eval -322,0]} 39. Ng2 $6 {[%eval -625,0]
Inaccuracy. Nf5+ was best.} (39. Nf5+ Bxf5 40. Bxf5 Rxf5 41. c7 Rc5 42. Rb4 Ne6
43. Re4 Nxc7 44. Kf3 Nd5 45. Re5 Rc3+) 39... Re2+ {[%eval -683,0]} 40. Kg1 $2 {
[%eval -32747,0] Checkmate is now unavoidable. Kf1 was best.} (40. Kf1 Bh3 41.
Be4 Rxe4 42. Rb3 Nxb3 43. Kf2 Nd4 44. Nxf4 Rxf4+ 45. Ke3 Rh4 46. Kd2 Be6) 40...
Rxc2 $4 {[%eval -554,0] Lost forced checkmate sequence. Nf3+ was best.} (40...
Nf3+ 41. Kf1 Rxc2 42. Nxf4 Bc4+ 43. Ne2 Rxe2 44. Rb4 Bd3 45. Rb3 Nd2+ 46. Kg1
Nxb3 47. Kh1) 0-1

[Event "37th Reykjavik op"]
[Site "Reykjavik ISL"]
[Date "2024.03.15"]
[Round "1.2"]
[White "Ivanchuk, Vasyl"]
[Black "Mackinnon, Keith"]
[WhiteElo "2625"]
[BlackElo "2142"]
[Result "1-0"]
[EventDate "2024.03.15"]
[PlyCount "51"]

1. d4 {[%eval 15,0]} Nf6 {[%eval 16,0]} 2. c4 {[%eval 16,0]} e6 {[%eval 21,0]}
3. Nf3 {[%eval 0,0]} d5 {[%eval 12,0]} 4. Nc3 {[%eval 0,0]} Bb4 {[%eval 18,0]}
5. Bg5 {[%eval 24,0]} h6 {[%eval 18,0]} 6. Bxf6 {[%eval 11,0]} Qxf6 {[%eval 11,
0]} 7. Qb3 {[%eval 13,0]} Nc6 $6 {[%eval 7,0] Inaccuracy. c5 was best.} (7...
c5 8. cxd5 exd5 9. e3 O-O 10. dxc5 Bxc3+ 11. Qxc3 Qxc3+ 12. bxc3) 8. e3 {
[%eval 41,0]} dxc4 {[%eval 58,0]} 9. Qxc4 {[%eval 42,0]} O-O {[%eval 51,0]} 10.
Be2 {[%eval 49,0]} Bd6 {[%eval 52,0]} 11. O-O {[%eval 52,0]} a6 {[%eval 58,0]}
12. Rac1 {[%eval 61,0]} Rb8 {[%eval 78,0]} 13. Rfd1 {[%eval 69,0]} b5 {[%eval
65,0]} 14. Qb3 {[%eval 49,0]} Bb7 {[%eval 69,0]} 15. Ne4 {[%eval 72,0]} Qe7 {
[%eval 69,0]} 16. Nfd2 {[%eval 49,0]} e5 {[%eval 8,0]} 17. Nxd6 {[%eval 91,0]}
Qxd6 {[%eval 86,0]} 18. d5 {[%eval 97,0]} Na5 $4 {[%eval 325,0] Blunder. Ne7
was best.} (18... Ne7 19. Ne4) 19. Qc3 {[%eval 307,0]} b4 {[%eval 329,0]} 20.
Qc5 {[%eval 325,0]} Qb6 {[%eval 309,0]} 21. Qxc7 {[%eval 292,0]} Qxc7 {[%eval
323,0]} 22. Rxc7 {[%eval 305,0]} Ba8 $6 {[%eval 432,0] Inaccuracy. Rfd8 was
best.} (22... Rfd8 23. e4 Rdc8 24. Rdc1 Rxc7 25. Rxc7 Rc8 26. Rxc8+ Bxc8 27. g3
f5 28. exf5 Kf7 29. g4) 23. e4 {[%eval 445,0]} Rb6 {[%eval 469,0]} 24. Rdc1 {
[%eval 475,0]} f5 {[%eval 528,0]} 25. f3 {[%eval 482,0]} Rf7 $6 {[%eval 632,0]
Inaccuracy. Rbf6 was best.} (25... Rbf6 26. b3 fxe4 27. fxe4 Rf2 28. Re1 R2f6
29. h4 Bb7 30. Rc5 R6f7 31. Rxa5 Rf2) 26. Rc8+ {[%eval 604,0]} 1-0

[Event "37th Reykjavik op"]
[Site "Reykjavik ISL"]
[Date "2024.03.15"]
[Round "1.3"]
[White "Markuszewski, Maksymilian"]
[Black "Xu, Xiangyu"]
[WhiteElo "2141"]
[BlackElo "2623"]
[Result "0-1"]
[EventDate "2024.03.15"]
[PlyCount "59"]

1. d4 {[%eval 15,0]} e6 {[%eval 45,0]} 2. c4 {[%eval 23,0]} b6 {[%eval 43,0]}
3. a3 {[%eval 0,0]} Nf6 {[%eval 37,0]} 4. Nc3 {[%eval 28,0]} Bb7 {[%eval 39,0]}
5. d5 {[%eval 29,0]} Bd6 {[%eval 22,0]} 6. Nf3 {[%eval 23,0]} O-O {[%eval 37,0]
} 7. g3 {[%eval 2,0]} c6 {[%eval 43,0]} 8. Bg2 {[%eval 14,0]} cxd5 {[%eval 27,
0]} 9. cxd5 {[%eval 1,0]} exd5 {[%eval 38,0]} 10. O-O {[%eval 4,0]} Na6 {
[%eval 31,0]} 11. b4 {[%eval 1,0]} Nc7 {[%eval 11,0]} 12. Bb2 {[%eval 4,0]} Re8
{[%eval 3,0]} 13. Rc1 {[%eval 14,0]} Rc8 {[%eval 1,0]} 14. Qb3 {[%eval 1,0]}
Ba6 {[%eval 11,0]} 15. b5 {[%eval 34,0]} Bb7 {[%eval 18,0]} 16. Rfd1 {[%eval
18,0]} Ne6 {[%eval 28,0]} 17. e3 {[%eval 24,0]} Bf8 {[%eval 6,0]} 18. Qa2 {
[%eval 28,0]} Rc7 {[%eval 3,0]} 19. Nd4 {[%eval 3,0]} Qa8 {[%eval 28,0]} 20.
Nde2 $4 {[%eval -144,0] Blunder. a4 was best.} (20. a4) 20... d4 {[%eval -156,
0]} 21. Bxb7 {[%eval -195,0]} Qxb7 {[%eval -144,0]} 22. Nxd4 {[%eval -148,0]}
Ng5 {[%eval -165,0]} 23. h4 $4 {[%eval -473,0] Blunder. e4 was best.} (23. e4
Nfxe4 24. Qd5 Nh3+ 25. Kg2 Nhxf2 26. Qxb7 Rxb7 27. Re1 Bc5 28. Nb3 d5 29. Nxc5
bxc5) 23... Nh3+ {[%eval -391,0]} 24. Kf1 {[%eval -467,0]} Qh1+ {[%eval -497,0]
} 25. Ke2 {[%eval -485,0]} Qg2 {[%eval -447,0]} 26. Rf1 {[%eval -431,0]} Nh5 {
[%eval -451,0]} 27. Ke1 {[%eval -437,0]} Nxg3 {[%eval -445,0]} 28. fxg3 {
[%eval -499,0]} Rxe3+ {[%eval -492,0]} 29. Nde2 {[%eval -499,0]} d5 {[%eval
-303,0]} 30. Qxd5 {[%eval -403,0]} 0-1

[Event "37th Reykjavik op"]
[Site "Reykjavik ISL"]
[Date "2024.03.15"]
[Round "1.4"]
[White "Moussard, Jules"]
[Black "Birkisson, Bjoern Holm"]
[WhiteElo "2621"]
[BlackElo "2140"]
[Result "1-0"]
[EventDate "2024.03.15"]
[PlyCount "101"]

1. e4 {[%eval 13,0]} c5 {[%eval 33,0]} 2. Nf3 {[%eval 22,0]} Nc6 {[%eval 31,0]}
3. Bb5 {[%eval 25,0]} Nf6 {[%eval 49,0]} 4. Nc3 {[%eval 34,0]} Qc7 {[%eval 43,
0]} 5. O-O {[%eval 39,0]} Nd4 {[%eval 56,0]} 6. Re1 {[%eval 24,0]} a6 {[%eval
5,0]} 7. Bf1 {[%eval 27,0]} Ng4 {[%eval 6,0]} 8. g3 {[%eval 39,0]} Nxf3+ {
[%eval 17,0]} 9. Qxf3 {[%eval 32,0]} Ne5 {[%eval 2,0]} 10. Qg2 {[%eval 21,0]}
e6 {[%eval 11,0]} 11. d3 {[%eval 14,0]} Be7 {[%eval 16,0]} 12. f4 {[%eval 1,0]}
Nc6 {[%eval 5,0]} 13. Be3 {[%eval 5,0]} O-O {[%eval 18,0]} 14. Qf2 {[%eval 1,0]
} d6 {[%eval 8,0]} 15. Bg2 {[%eval 11,0]} Rb8 {[%eval 14,0]} 16. g4 {[%eval 1,
0]} b5 {[%eval 9,0]} 17. Ne2 {[%eval 5,0]} f5 $6 {[%eval 68,0] Inaccuracy. a5
was best.} (17... a5 18. Rf1 b4 19. Qg3 e5 20. f5 Nd4 21. Nxd4 cxd4 22. Bc1
Qxc2 23. g5 f6 24. g6) 18. exf5 {[%eval 51,0]} exf5 {[%eval 67,0]} 19. g5 {
[%eval 53,0]} Be6 $6 {[%eval 103,0] Inaccuracy. Bb7 was best.} (19... Bb7 20.
Ng3) 20. d4 {[%eval 138,0]} cxd4 {[%eval 166,0]} 21. Nxd4 {[%eval 172,0]} Nxd4
{[%eval 162,0]} 22. Bxd4 {[%eval 153,0]} Bf7 {[%eval 174,0]} 23. a4 {[%eval
186,0]} b4 {[%eval 108,0]} 24. Qe2 {[%eval 167,0]} Rfe8 {[%eval 228,0]} 25.
Qxa6 {[%eval 215,0]} d5 {[%eval 219,0]} 26. Be5 {[%eval 196,0]} Qc5+ {[%eval
232,0]} 27. Kh1 {[%eval 215,0]} Rbc8 {[%eval 242,0]} 28. c3 {[%eval 244,0]}
bxc3 {[%eval 253,0]} 29. bxc3 {[%eval 242,0]} Bd8 $2 {[%eval 405,0] Mistake.
Ra8 was best.} (29... Ra8 30. Qb5 Ra5 31. Qxc5 Bxc5 32. Reb1 h6 33. gxh6 gxh6
34. Rb5 Rea8 35. c4 Be3 36. cxd5) 30. Bd4 {[%eval 343,0]} Rxe1+ {[%eval 365,0]}
31. Rxe1 {[%eval 342,0]} Qc4 {[%eval 323,0]} 32. Qb7 {[%eval 348,0]} Qc6 {
[%eval 305,0]} 33. Qxc6 {[%eval 346,0]} Rxc6 {[%eval 306,0]} 34. Re5 $6 {
[%eval 272,0] Inaccuracy. Rb1 was best.} (34. Rb1 Bc7 35. Rb7 Be6 36. Bf1 Ba5
37. Rxg7+ Kf8 38. g6 hxg6 39. Rxg6 Ke7 40. Rg3 Bf7) 34... Re6 $6 {[%eval 408,0]
Inaccuracy. Rd6 was best.} (34... Rd6 35. Kg1 g6 36. Bf1 Rc6 37. Kf2 Ba5 38.
Bb5 Rc8 39. Ke3 Bxc3 40. Re7 Kf8 41. Ra7) 35. Bxd5 {[%eval 421,0]} Rxe5 {
[%eval 442,0]} 36. Bxf7+ {[%eval 432,0]} Kxf7 {[%eval 447,0]} 37. Bxe5 {
[%eval 405,0]} g6 {[%eval 452,0]} 38. Kg2 {[%eval 457,0]} Ke6 {[%eval 475,0]}
39. c4 {[%eval 438,0]} Ba5 {[%eval 408,0]} 40. Kf3 {[%eval 486,0]} Kd7 {
[%eval 496,0]} 41. Ke3 {[%eval 502,0]} Kc6 {[%eval 489,0]} 42. Kd3 {[%eval 486,
0]} Kc5 {[%eval 519,0]} 43. Bd4+ {[%eval 518,0]} Kc6 {[%eval 500,0]} 44. Bc3 {
[%eval 513,0]} Bc7 {[%eval 531,0]} 45. Bd2 {[%eval 514,0]} Bb6 {[%eval 566,0]}
46. a5 {[%eval 596,0]} Bg1 {[%eval 675,0]} 47. h3 {[%eval 582,0]} Bc5 {[%eval
557,0]} 48. Be3 {[%eval 631,0]} Bf8 {[%eval 689,0]} 49. a6 {[%eval 667,0]} Bg7
{[%eval 907,0]} 50. a7 {[%eval 668,0]} Kb7 {[%eval 665,0]} 51. Bb6 {[%eval 609,
0]} 1-0

[Event "37th Reykjavik op"]
[Site "Reykjavik ISL"]
[Date "2024.03.15"]
[Round "1.5"]
[White "Galperin, Platon"]
[Black "Cramling Bellon, Anna"]
[WhiteElo "2555"]
[BlackElo "2115"]
[Result "1-0"]
[EventDate "2024.03.15"]
[PlyCount "73"]

1. e3 {[%eval 7,0]} d5 {[%eval 1,0]} 2. d3 $6 {[%eval 47,0] Inaccuracy. Nf3
was best.} (2. Nf3 Nf6 3. d4 c5 4. Be2 Nc6 5. O-O cxd4 6. exd4 Bg4) 2... e5 {
[%eval 3,0]} 3. Ne2 {[%eval 76,0]} Nf6 {[%eval 55,0]} 4. Nd2 {[%eval 71,0]} c6
{[%eval 67,0]} 5. Ng3 {[%eval 61,0]} h5 {[%eval 6,0]} 6. Be2 {[%eval 92,0]} h4
{[%eval 81,0]} 7. Ngf1 {[%eval -99,0]} Bd6 {[%eval 65,0]} 8. h3 {[%eval 81,0]}
Be6 {[%eval 8,0]} 9. Nh2 {[%eval -76,0]} Qd7 $6 {[%eval 58,0] Inaccuracy. e4
was best.} (9... e4 10. dxe4 dxe4 11. Ng4 Nbd7 12. Nxf6+ Nxf6 13. Nc4 Bc7 14.
Qxd8+ Rxd8 15. Bd2 Rh6 16. Bc3) 10. a3 {[%eval 59,0]} Na6 {[%eval 52,0]} 11. b4
{[%eval 52,0]} O-O-O {[%eval 29,0]} 12. Bb2 {[%eval 29,0]} d4 {[%eval 0,0]} 13.
exd4 {[%eval 19,0]} exd4 {[%eval 25,0]} 14. Nhf3 {[%eval 26,0]} Nd5 $2 {
[%eval 102,0] Mistake. Rhe8 was best.} (14... Rhe8) 15. Nxd4 {[%eval 126,0]}
Nf4 {[%eval 103,0]} 16. O-O {[%eval 141,0]} Bxh3 {[%eval 158,0]} 17. gxh3 {
[%eval 194,0]} Nxh3+ $2 {[%eval 375,0] Mistake. Nxe2+ was best.} (17... Nxe2+
18. Qxe2) 18. Kh1 {[%eval 378,0]} Nxf2+ {[%eval 378,0]} 19. Rxf2 {[%eval 376,0]
} Qh3+ {[%eval 358,0]} 20. Kg1 {[%eval 369,0]} Qg3+ {[%eval 389,0]} 21. Rg2 {
[%eval 346,0]} Qe3+ {[%eval 371,0]} 22. Kh1 {[%eval 358,0]} Qh3+ {[%eval 298,0]
} 23. Kg1 {[%eval 292,0]} Qe3+ {[%eval 306,0]} 24. Kf1 {[%eval 298,0]} h3 {
[%eval 283,0]} 25. Bg4+ {[%eval 285,0]} f5 {[%eval 334,0]} 26. Bxf5+ {[%eval
334,0]} Kb8 {[%eval 321,0]} 27. Rg1 {[%eval 329,0]} h2 {[%eval 322,0]} 28. Rh1
{[%eval 314,0]} Rh4 $6 {[%eval 456,0] Inaccuracy. Qh6 was best.} (28... Qh6 29.
Qe2 Nc7 30. N2f3 g6 31. Be4 Nd5 32. Re1 Rde8 33. Qd2 Bf4 34. Qf2 Ka8 35. Bxd5)
29. N2f3 {[%eval 454,0]} Rh6 {[%eval 522,0]} 30. Qe1 {[%eval 494,0]} Qf4 {
[%eval 579,0]} 31. Bc1 {[%eval 583,0]} Qg3 {[%eval 597,0]} 32. Qxg3 {[%eval
597,0]} Bxg3 {[%eval 593,0]} 33. Bxh6 {[%eval 508,0]} gxh6 {[%eval 589,0]} 34.
Kg2 {[%eval 563,0]} Rg8 {[%eval 571,0]} 35. Be6 {[%eval 569,0]} Rg6 {[%eval
554,0]} 36. Bf7 {[%eval 557,0]} Rg7 {[%eval 600,0]} 37. Nf5 {[%eval 591,0]} 1-0

[Event "37th Reykjavik op"]
[Site "Reykjavik ISL"]
[Date "2024.03.15"]
[Round "1.6"]
[White "Honey, Luke"]
[Black "Belenkaya, Dina"]
[WhiteElo "1939"]
[BlackElo "2164"]
[Result "1/2-1/2"]
[EventDate "2024.03.15"]
[PlyCount "73"]

1. e4 {[%eval 13,0]} c5 {[%eval 33,0]} 2. Nf3 {[%eval 22,0]} Nc6 {[%eval 31,0]}
3. Bb5 {[%eval 25,0]} g6 {[%eval 37,0]} 4. Bxc6 {[%eval 32,0]} bxc6 {[%eval 47,
0]} 5. O-O {[%eval 61,0]} Bg7 {[%eval 45,0]} 6. c3 {[%eval 22,0]} Nf6 {[%eval
36,0]} 7. Re1 {[%eval 22,0]} O-O {[%eval 21,0]} 8. d4 {[%eval 7,0]} cxd4 {
[%eval 12,0]} 9. cxd4 {[%eval 16,0]} d6 {[%eval 2,0]} 10. Nc3 {[%eval 2,0]} Bg4
{[%eval 3,0]} 11. h3 {[%eval 3,0]} Bxf3 {[%eval 6,0]} 12. Qxf3 {[%eval 8,0]}
Nd7 {[%eval 14,0]} 13. d5 $6 {[%eval 44,0] Inaccuracy. Rd1 was best.} (13. Rd1
Qa5 14. Be3 Qb4 15. Rab1 Rac8 16. Rd3 Rfe8 17. Qd1 a5 18. Rc1 h5 19. b3 c5)
13... c5 {[%eval 42,0]} 14. Bd2 {[%eval 43,0]} c4 {[%eval 25,0]} 15. b3 {
[%eval 64,0]} Rc8 {[%eval 49,0]} 16. bxc4 $2 {[%eval -18,0] Mistake. Rab1 was
best.} (16. Rab1) 16... Ne5 {[%eval -8,0]} 17. Qg3 {[%eval -4,0]} Nxc4 {
[%eval -185,0]} 18. Bf4 {[%eval -15,0]} Qa5 {[%eval -13,0]} 19. Rac1 {[%eval
-91,0]} Rc7 {[%eval -38,0]} 20. Re2 {[%eval -23,0]} Na3 $2 {[%eval 49,0]
Mistake. Ne5 was best.} (20... Ne5 21. Rb2 h5 22. Rb3 Rfc8 23. Bd2 Bf6 24. Be1
Rc4 25. f4 h4 26. Qe3 Ng4 27. Qf3) 21. Nd1 {[%eval 5,0]} Rxc1 {[%eval 57,0]}
22. Bxc1 {[%eval 51,0]} Nb5 {[%eval 57,0]} 23. Qd3 {[%eval 7,0]} Rc8 {[%eval
62,0]} 24. Be3 {[%eval 81,0]} a6 $6 {[%eval 17,0] Inaccuracy. Qa4 was best.} (
24... Qa4 25. Kf1) 25. Rc2 {[%eval 11,0]} Qe1+ {[%eval 1,0]} 26. Kh2 {[%eval 1,
0]} Rxc2 {[%eval 14,0]} 27. Qxc2 {[%eval 19,0]} Be5+ {[%eval 12,0]} 28. f4 {
[%eval 24,0]} Bd4 {[%eval 0,0]} 29. Qd2 {[%eval 0,0]} Qxd2 {[%eval 0,0]} 30.
Bxd2 {[%eval 0,0]} f5 {[%eval 0,0]} 31. exf5 {[%eval 0,0]} gxf5 {[%eval 0,0]}
32. Be3 {[%eval 0,0]} Bf6 {[%eval 0,0]} 33. Bb6 {[%eval 0,0]} Kf7 {[%eval 0,0]}
34. a4 {[%eval 5,0]} Na3 {[%eval 0,0]} 35. Ne3 {[%eval 0,0]} e6 {[%eval 6,0]}
36. dxe6+ {[%eval 7,0]} Kxe6 {[%eval 4,0]} 37. g4 {[%eval 0,0]} 1/2-1/2

[Event "37th Reykjavik op"]
[Site "Reykjavik ISL"]
[Date "2024.03.15"]
[Round "1.7"]
[White "George Samir, David"]
[Black "Cornette, Matthieu"]
[WhiteElo "2130"]
[BlackElo "2575"]
[Result "1/2-1/2"]
[EventDate "2024.03.15"]
[PlyCount "71"]

1. d4 {[%eval 15,0]} Nf6 {[%eval 16,0]} 2. Bg5 {[%eval 0,0]} c6 {[%eval 21,0]}
3. Bxf6 {[%eval 3,0]} exf6 {[%eval 24,0]} 4. e3 {[%eval 7,0]} d5 {[%eval 0,0]}
5. Nf3 {[%eval 3,0]} Nd7 {[%eval 0,0]} 6. c4 {[%eval 4,0]} Bb4+ {[%eval 1,0]}
7. Nfd2 {[%eval 7,0]} O-O {[%eval 34,0]} 8. a3 {[%eval 4,0]} Bd6 {[%eval 4,0]}
9. Nc3 {[%eval 1,0]} dxc4 {[%eval 2,0]} 10. Nxc4 {[%eval 8,0]} Bc7 {[%eval 6,0]
} 11. Bd3 {[%eval 26,0]} Nb6 {[%eval 0,0]} 12. O-O {[%eval 22,0]} Nxc4 {
[%eval 9,0]} 13. Bxc4 {[%eval 19,0]} f5 {[%eval 32,0]} 14. g3 {[%eval 23,0]} b5
{[%eval 6,0]} 15. Be2 {[%eval 36,0]} a5 {[%eval 64,0]} 16. Rc1 {[%eval 71,0]}
Be6 {[%eval 75,0]} 17. Bf3 {[%eval 86,0]} Ra6 {[%eval 87,0]} 18. Qc2 {[%eval
69,0]} Bc4 $6 {[%eval 179,0] Inaccuracy. a4 was best.} (18... a4 19. Nxb5 Bxg3
20. hxg3 cxb5 21. d5 Bxd5 22. Rfd1 Bxf3 23. Rxd8 Rxd8 24. Qc7 Raa8 25. Qf4) 19.
Be2 $6 {[%eval 9,0] Inaccuracy. Rfd1 was best.} (19. Rfd1) 19... Bxe2 {[%eval
93,0]} 20. Qxe2 {[%eval 89,0]} Qd7 {[%eval 103,0]} 21. Rfd1 $6 {[%eval 67,0]
Inaccuracy. d5 was best.} (21. d5 Rb6) 21... Bd6 $2 {[%eval 188,0] Mistake.
Rb6 was best.} (21... Rb6) 22. d5 {[%eval 185,0]} Rb8 {[%eval 205,0]} 23. a4 {
[%eval 202,0]} cxd5 $6 {[%eval 315,0] Inaccuracy. Rab6 was best.} (23... Rab6
24. dxc6 Rxc6 25. axb5 Rcc8 26. Ra1 Qe6 27. Rxa5 Bb4 28. Ra6 Qe8 29. Rd5 Bxc3
30. bxc3) 24. Rxd5 {[%eval 319,0]} Rc6 $6 {[%eval 404,0] Inaccuracy. Qe6 was
best.} (24... Qe6 25. axb5) 25. Rxb5 $2 {[%eval 232,0] Mistake. Rcd1 was best.}
(25. Rcd1 bxa4 26. Nb5 g6 27. Nxd6 Qc7 28. Nb5 Qe7 29. Qd2 Qb4 30. Nd4 Rcc8 31.
Qe2 h5) 25... Rbc8 {[%eval 244,0]} 26. Rd1 {[%eval 255,0]} Qe6 {[%eval 204,0]}
27. Rxa5 {[%eval 234,0]} Bb4 {[%eval 266,0]} 28. Rad5 {[%eval 252,0]} g6 {
[%eval 278,0]} 29. Nb5 {[%eval 267,0]} Rc2 {[%eval 276,0]} 30. Rd8+ {[%eval
282,0]} Kg7 $2 {[%eval 495,0] Mistake. Bf8 was best.} (30... Bf8 31. R8d2 Rxd2
32. Rxd2 h5 33. Nd4 Qe8 34. Rc2 Rb8 35. Rc4 h4 36. gxh4 f4 37. b3) 31. Nd4 {
[%eval 497,0]} Qe4 {[%eval 504,0]} 32. Nxc2 {[%eval 484,0]} Rxc2 {[%eval 494,0]
} 33. Qd3 {[%eval 495,0]} Qxd3 {[%eval 505,0]} 34. R1xd3 {[%eval 533,0]} Kf6 {
[%eval 553,0]} 35. R8d5 {[%eval 526,0]} Rc1+ 36. Rd1 1/2-1/2

[Event "37th Reykjavik op"]
[Site "Reykjavik ISL"]
[Date "2024.03.15"]
[Round "1.8"]
[White "Pultinevicius, Paulius"]
[Black "Strathmann, Sacha"]
[WhiteElo "2575"]
[BlackElo "2129"]
[Result "1-0"]
[EventDate "2024.03.15"]
[PlyCount "80"]

1. e4 {[%eval 13,0]} c5 {[%eval 33,0]} 2. Nc3 {[%eval 24,0]} a6 {[%eval 16,0]}
3. Nf3 {[%eval 0,0]} e6 {[%eval 36,0]} 4. d4 {[%eval 45,0]} cxd4 {[%eval 13,0]}
5. Nxd4 {[%eval 32,0]} Qc7 {[%eval 24,0]} 6. Bd3 {[%eval 48,0]} Nf6 {[%eval 13,
0]} 7. Qe2 {[%eval 0,0]} d6 $6 {[%eval 8,0] Inaccuracy. Bd6 was best.} (7...
Bd6 8. h3 Nc6 9. Nxc6 dxc6 10. O-O b5 11. a4 Bb7 12. Bg5) 8. Be3 {[%eval 37,0]}
b5 {[%eval 16,0]} 9. O-O-O {[%eval 17,0]} Be7 {[%eval 36,0]} 10. g4 {[%eval 44,
0]} b4 {[%eval 32,0]} 11. Nb1 {[%eval 23,0]} Bb7 {[%eval 42,0]} 12. Nd2 {
[%eval 42,0]} Nc6 {[%eval 41,0]} 13. g5 {[%eval 38,0]} Nd7 {[%eval 41,0]} 14.
f4 {[%eval 25,0]} Nc5 {[%eval 39,0]} 15. Rhg1 $6 {[%eval 33,0] Inaccuracy. Kb1
was best.} (15. Kb1) 15... Nxd3+ {[%eval 41,0]} 16. Qxd3 {[%eval 51,0]} Rc8 $6
{[%eval 11,0] Inaccuracy. O-O was best.} (16... O-O) 17. Kb1 {[%eval 4,0]} Nxd4
{[%eval 2,0]} 18. Bxd4 {[%eval 0,0]} e5 {[%eval 1,0]} 19. Be3 {[%eval 21,0]}
O-O {[%eval 1,0]} 20. Rc1 $6 {[%eval 86,0] Inaccuracy. f5 was best.} (20. f5
Rfd8) 20... d5 {[%eval -100,0]} 21. fxe5 {[%eval 66,0]} Qxe5 {[%eval 55,0]} 22.
Bd4 {[%eval 55,0]} dxe4 {[%eval 56,0]} 23. Bxe5 {[%eval 61,0]} exd3 {[%eval 67,
0]} 24. cxd3 {[%eval 59,0]} Rxc1+ {[%eval 47,0]} 25. Kxc1 {[%eval 49,0]} Rd8 {
[%eval 55,0]} 26. Kc2 {[%eval 56,0]} Kf8 {[%eval 35,0]} 27. Nc4 {[%eval 24,0]}
Bc8 {[%eval 35,0]} 28. Rg3 {[%eval 33,0]} Be6 {[%eval 33,0]} 29. h4 {[%eval 6,
0]} f6 {[%eval 55,0]} 30. gxf6 {[%eval 85,0]} gxf6 {[%eval 78,0]} 31. Rf3 {
[%eval 88,0]} Kg7 {[%eval 92,0]} 32. Bg3 {[%eval -74,0]} Bg4 {[%eval -53,0]}
33. Rf2 {[%eval -58,0]} Bc5 {[%eval -64,0]} 34. Rd2 {[%eval -65,0]} Bf5 {
[%eval -82,0]} 35. Bf4 $4 {[%eval -351,0] Blunder. a3 was best.} (35. a3) 35...
Rd4 {[%eval -348,0]} 36. Rg2+ {[%eval -497,0]} Kf7 {[%eval -318,0]} 37. Be3 {
[%eval -496,0]} Rxc4+ {[%eval -488,0]} 38. Kb3 {[%eval -495,0]} Bxd3 {[%eval
-491,0]} 39. Rd2 {[%eval -484,0]} Bxe3 {[%eval -497,0]} 40. Rxd3 {[%eval -489,
0]} Re4 {[%eval -487,0]} 1-0